Statistiques concernant Quiz Coupe du Monde de Football

Cliquez ici pour prendre le quiz!

Statistiques générales

  • Ce quiz a été pris 167 fois
  • Le résultat moyen est 10 sur 15

Statistiques - réponses

QuestionRéponse% Correct
Où se déroule la Coupe du Monde de football 2026 ?Canada / Etats Unis / Mexique
94%
Aucun pays d’Afrique n’a jamais remporté la Coupe du Monde de foot. Vrai ou faux ?Vrai
93%
Lequel de ces pays n’a jamais remporté la Coupe du Monde de football ?Croatie
92%
Dans quel pays se déroule la toute première Coupe du Monde de football en 1930 ?Uruguay
90%
Quel pays remporte la toute première Coupe du Monde de foot de l’histoire ?Uruguay
89%
Combien de fois le Brésil a-t-il remporté la Coupe du Monde de foot ?5 fois
87%
Quelle récompense est décernée au meilleur buteur de la compétition de la Coupe du Monde depuis 1982 ?Le Soulier d'Or
85%
Quel joueur de foot détient le record de but en Coupe du Monde ?Miroslav Klose
75%
L’équipe vainqueur de la Coupe du Monde n’a accès au vrai trophée que 15 minutes. Vrai ou faux ?Vrai
58%
Qui est le créateur de la Coupe du Monde et ancien président de la FIFA ?Jules Rimet
52%
Lequel de ces pays n’a pas organisé au moins une Coupe du Monde de football ?Portugal
51%
Combien de fois la France n’a-t-elle pas été qualifiée pour la phase finale de la Coupe du Monde de foot masculin ?6 fois
47%
Combien pèse le trophée de la Coupe du Monde de football utilisé depuis 1974 ?6,175 kg
39%
Dans quel pays s’est déroulée la finale de la Coupe du Monde de foot en 2002 ?Japon
35%
Quelles étaient les équipes de la rencontre de foot qu’on surnomme le “Match du siècle” lors de la Coupe du Monde de 1970 ?Italie / Allemagne de l'Ouest
25%

Distribution des résultats

Percentile par nombre de réponses

% des personnes avec chaque résultat

Votre développement - résultats

Vous n’avez pas pris ce quiz